000 00634nam a22001697a 4500
999 _c61059
_d61059
005 20231213103655.0
008 231213s1976 ru ||||| |||| 00| 0 rus d
041 _aru
080 _a553.43+622.343(09) M-17
100 _aМаксимов, М.М.
_920674
245 _aОчерк о первой меди /
_cМ.М. Максимов; М.Б. Горнунг.
264 _aМосква:
_bНедра,
_c1976.
300 _a96 с.:
_bил. ;
_c17 см.
653 _aნარკვევი პირველ სპილენძზე
700 _aГорнунг, М.Б.
_eავტორი
_920683
942 _2udc
_cᲬᲘᲒᲜᲘ